000 00284nam a22001337a 4500
008 170823b xxu||||| |||| 00| 0 eng d
020 _a0387961127
041 _aeng
080 _a51
100 _a38
101 _aMAT
245 _aTOPOLOGY AND ANALYSIS
_cBOOSS,B
942 _2udc
_cBK
999 _c24674
_d24674